000 00342nam a2200145Ia 4500
100 _aRoss/ S.M.
942 _cBK
654 _aProbability
245 _aIntrod. to probability & statistics for engineers & scientists
260 _bJohn wiley
_aSingapore
_c1987
082 _a519.2
_bRos
300 _a492
546 _aENGLISH
999 _c26713
_d26713